000 00558nam a2200193Ia 4500
001 15102
003 GE_BSU
008 181216s||||||||xx |||||||||||||| ||und||
040 _cGE_BSU
080 _a514.77
245 _aВопросы диффернциальной синтетической и прикладной геометрии
245 _cПод ред: Ейдельмена,Р,М
260 _aМосква
260 _bВысшая школа
260 _c1965
300 _a196стр,20см
653 _aгеометриа
942 _cBK
999 _c48219
_d48219